مكتبة جامعة عجلون الوطنية

فهرس بحث المكتبة

Normal view MARC view
  • دراسة وتحقيق الدروبي،سمير

Entry Personal Name

Number of records used in: 1

001 - CONTROL NUMBER

  • control field: 21002

003 - CONTROL NUMBER IDENTIFIER

  • control field: JO-AjAnu

005 - DATE AND TIME OF LATEST TRANSACTION

  • control field: 20230606073638.0

008 - FIXED-LENGTH DATA ELEMENTS

  • fixed length control field: 230606|| aca||aabn | a|a d

040 ## - CATALOGING SOURCE

  • Original cataloging agency: JO-AjAnu
  • Transcribing agency: JO-AjAnu

100 ## - HEADING--PERSONAL NAME

  • Personal name: دراسة وتحقيق الدروبي،سمير

670 ## - SOURCE DATA FOUND

  • Source citation: Work cat.: (JO-AjAnu)10791: دراسة وتحقيق الدروبي،سمير , author, مقامة رشف الرحيق في وصف الحريق: مقامة في حرب المدن بين المسلمين والفرنجة لصلاح الدين خليل بن أيبك الصفدي ت 764هـ - 1362م